000 00700nam a2200217 i 4500
001 135574
003 ES-MaACL
005 20250815150617.0
007 t|
008 070719s1910 it ||||1| ita d
080 _a78.01
100 1 _aTorrefranca, Fausto.
_9110803
245 1 3 _aLa vita musicale dello spirito
_b: la musica, le arti, il drama /
_cFausto Torrefranca.
260 _aTorino :
_bFratelli Bocca,
_c1910.
300 _aXXVII, 420 p. ;
_c20 cm.
490 1 _aPiccola Biblioteca di Scienze Moderne ;
_v182
650 7 _aEstética musical
_2embne
_912548
830 0 _aPiccola Biblioteca di Scienze Moderne ;
_v182
_9187013
852 _aES-MaACL
_jF-6077
999 _c135574
_d135574